MARC

LEADER 00000nam0a2200000 4500
001 257240
005 20231101233202.0
020 |a RU  |b 87-66935 
035 |a (RuTPU)RU\TPU\book\280022 
090 |a 257240 
100 |a 20140415d1987 k y0rusy5003 ca 
101 0 |a rus 
102 |a RU 
105 |a a z 001zy 
200 1 |a Статистические вопросы лидарного зондирования атмосферы  |f Г. Н. Глазов  |g Академия наук СССР (АН СССР), Сибирское отделение (СО), Институт оптики атмосферы (ИОА) ; под ред. В. П. Лопасова 
210 |a Новосибирск  |c Наука  |d 1987 
215 |a 312 с.  |c граф. 
320 |a Библиогр.: с. 288-300. 
320 |a Предметный указатель: с.304-309. 
606 1 |a Атмосфера  |x Зондирование  |2 stltpush  |3 (RuTPU)RU\TPU\subj\29633  |9 52917 
610 1 |a лидарное зондирование 
610 1 |a фотоэлектроны 
610 1 |a статистика 
610 1 |a фототоки 
610 1 |a газы 
610 1 |a температура 
610 1 |a концентрация 
610 1 |a измерения 
610 1 |a прогнозирование 
675 |a 551.501.8  |z rus  |v 3 
700 1 |a Глазов  |b Г. Н.  |g Григорий Наумович 
702 1 |a Лопасов  |b В. П.  |4 340 
712 0 2 |a Академия наук СССР (АН СССР)  |b Сибирское отделение (СО)  |b Институт оптики атмосферы (ИОА)  |c (Томск)  |2 stltpush  |3 (RuTPU)RU\TPU\col\11569 
801 0 |a RU  |b RuMRKP  |c 19950417  |g psbo 
801 1 |a RU  |b 63413507  |c 20140415 
801 2 |a RU  |b 63413507  |c 20150406  |g RCR 
942 |c BK